Máy nâng chuyển:T.2 /
Shranjeno v:
| Glavni avtor: | |
|---|---|
| Drugi avtorji: | , , |
| Format: | Knjiga |
| Jezik: | Vietnamese |
| Izdano: |
H. :
Khoa học và kỹ thuật ,
1986
|
| Izdaja: | In lần thứ 1 |
| Teme: | |
| Oznake: |
Označite
Brez oznak, prvi označite!
|
| Thư viện lưu trữ: | Thư viện Trường CĐ Kỹ Thuật Cao Thắng |
|---|
| LEADER | 01017nam a2200265 a 4500 | ||
|---|---|---|---|
| 001 | TVCDKTCT87 | ||
| 003 | Thư viện trường Cao đẳng Kỹ thuật Cao Thắng | ||
| 005 | 20170529105426.0 | ||
| 008 | 050729 | ||
| 980 | \ | \ | |a Thư viện Trường CĐ Kỹ Thuật Cao Thắng |
| 024 | |a RG_1 #1 eb0 i1 | ||
| 041 | 0 | # | |a vie |
| 082 | # | # | |a 629.25 / |b Đ108T_m |
| 100 | 1 | # | |a Đào Trọng Thường |
| 245 | 0 | 0 | |a Máy nâng chuyển:T.2 / |c Đào Trọng Thường, ...[et al.] |
| 250 | # | # | |a In lần thứ 1 |
| 260 | # | # | |a H. : |b Khoa học và kỹ thuật , |c 1986 |
| 300 | # | # | |a 109tr. ; |c 19 cm |
| 650 | # | 4 | |a Cơ khí |
| 650 | # | 4 | |a Cơ khí--Máy móc |
| 700 | 0 | # | |a Nguyễn Đăng Hiếu |
| 700 | 0 | # | |a Trần Dỗn Thường |
| 700 | 0 | # | |a Võ Quang Phiên |
| 721 | # | # | |a CNKT Cơ khí |
| 841 | # | # | |b Kho Sách |j 100000259, 100000260, 100000261, 100000262, 100000263, 100000264, 100000265, 100000267, 100000279, 100000281, 100000282, 100000433, 100000666, 100000667 |